| 000 | 01230nam a2200313Ia 4500 | ||
|---|---|---|---|
| 001 | ebr10103724 | ||
| 003 | CaPaEBR | ||
| 006 | m u | ||
| 007 | cr cn||||||||| | ||
| 008 | 040407s2003 enk sb 001 0 eng d | ||
| 010 | _z 2003046920 | ||
| 020 | _z033398773X | ||
| 040 |
_aCaPaEBR _cCaPaEBR |
||
| 035 | _a(OCoLC)70759665 | ||
| 050 | 1 | 4 |
_aPR4592.P7 _bD74 2003eb |
| 082 | 0 | 4 |
_a828.808 _222 |
| 100 | 1 |
_aDrew, John M. L., _d1966- |
|
| 245 | 1 | 0 |
_aDickens the journalist _h[electronic resource] / _cJohn M.L. Drew. |
| 260 |
_aBasingstoke : _bPalgrave Macmillan, _c2003. |
||
| 300 | _avii, 255 p. | ||
| 504 | _aIncludes bibliographical references and index. | ||
| 533 |
_aElectronic reproduction. _bPalo Alto, Calif. : _cebrary, _d2009. _nAvailable via World Wide Web. _nAccess may be limited to ebrary affiliated libraries. |
||
| 600 | 1 | 0 |
_aDickens, Charles, _d1812-1870 _xProse. |
| 600 | 1 | 0 |
_aDickens, Charles, _d1812-1870 _xKnowledge _xJournalism. |
| 650 | 0 |
_aJournalism _zGreat Britain _xHistory _y19th century. |
|
| 655 | 7 |
_aElectronic books. _2local |
|
| 710 | 2 | _aebrary, Inc. | |
| 856 | 4 | 0 |
_uhttp://site.ebrary.com/lib/rucke/Doc?id=10103724 _zAn electronic book accessible through the World Wide Web; click to view |
| 999 |
_c206387 _d206387 |
||